Entry Personal Name
Number of records used in: 1
001 - CONTROL NUMBER
003 - CONTROL NUMBER IDENTIFIER
005 - DATE AND TIME OF LATEST TRANSACTION
- control field:
20230905154505.0
008 - FIXED-LENGTH DATA ELEMENTS
- fixed length control field:
930406n| acannaabn |n aaa
010 ## - LIBRARY OF CONGRESS CONTROL NUMBER
- LC control number:
n 93031200
035 ## - SYSTEM CONTROL NUMBER
- System control number:
(OCoLC)oca03348791
040 ## - CATALOGING SOURCE
- Original cataloging agency:
DLC
- Language of cataloging:
eng
- Transcribing agency:
DLC
- Modifying agency:
DLC
- Modifying agency:
OCoLC
053 #0 - LC CLASSIFICATION NUMBER
- Classification number element--single number or beginning number of span:
PG1619.18.O67
100 1# - HEADING--PERSONAL NAME
- Personal name:
Horvat, Ana
670 ## - SOURCE DATA FOUND
- Source citation:
Her Mjera blizine, 1988:
- Information found:
t.p. (Ana Horvat)